000
00267nam a2200109Ia 4500
008
200302s9999 xx 000 0 und d
100
_a
Author
245
_a
Hotels & Resorts in India
260
_b
White Flag Media & Communications Ltd
260
_c
2011
300
_a
288
999
_c
4450
_d
4450